000 00376nam a2200157Ia 4500
003 Ost
005 20260225132541.0
008 260225s9999||||xx |||||||||||||| ||und||
040 _cfsic
041 _afre
082 _a501
100 _aBlaise kchikaya
_eAuteur
245 0 _aLe droit international de télécommunication /
245 0 _cBlaise kchikaya
942 _cكتاب
999 _c33503
_d33503